Five Most Powerful Militaries by Continent - Statistics

General Stats
  • This quiz has been taken 6,348 times
  • The average score is 25 of 27
Answer Stats
Continent PwrIndx Country % Correct
North America 0.5627 Canada
99%
Asia 0.2318 China
99%
Europe 0.1865 Russia
99%
North America 0.1663 United States
99%
Oceania 0.5285 Australia
98%
Europe 0.3069 France
98%
Europe 0.3507 Germany
98%
North America 0.9081 Mexico
98%
Europe 0.2747 United Kingdom
98%
South America 0.7071 Brazil
97%
Oceania 1.9484 New Zealand
97%
Africa 0.6214 Egypt
96%
Asia 0.2698 India
96%
Europe 0.5744 Italy
95%
Africa 0.9233 South Africa
95%
Asia 0.3841 Japan
94%
South America 1.2795 Colombia
93%
South America 1.1733 Chile
92%
South America 1.2711 Peru
91%
South America 1.5179 Venezuela
90%
Asia 0.3098 South Korea
89%
Africa 1.1602 Nigeria
87%
Africa 0.8705 Algeria
84%
North America 2.3822 Guatemala
81%
North America 2.5979 Honduras
78%
Africa 1.2009 Ethiopia
73%
Asia 0.4339 Turkey
71%
No matching quizzes found
Score Distribution
Percent of People with Each Score
Percentile by Number Answered
Your Score History
You have not taken this quiz